00540nam a2200181 a 4500008004100000020002200041100001800063245012300081250001200204260003400216300002000250440001800270500002000288650002300308003000100331005001700332040000900349  a1857034716 (pbk.)1 aClaxton, John10aManaging your personal finances :bhow to achieve your own financial security, wealth and independence /cJohn Claxton a3rd ed. aOxford :bHow to Books,c1999 a158 p. ;c22cm. aHow to Books. aIncludes index. aFinance, personal.20250505111344.0 cNUST